| 000 | 00451nam a2200181Ia 4500 | ||
|---|---|---|---|
| 001 | 9301 | ||
| 005 | 20260306161708.0 | ||
| 008 | 260306t2019||||xx |||||||||||||| ||spa|| | ||
| 041 | _aESP | ||
| 082 |
_a378.1 _bA133 |
||
| 100 |
_aAgejas Esteban, José Ángel _eAUT |
||
| 245 | 0 |
_aUniversidad y persona: _buna tradición renovada |
|
| 260 | _c2019 | ||
| 300 |
_a138 páginas : _c21 cm. |
||
| 650 | _aGEN | ||
| 654 | _aCED | ||
| 942 |
_cLIB _dJUS _fJUS _2ddc _n |
||
| 999 |
_c9301 _d9301 |
||